000 00218nam a2200097Ia 4500
008 240331s9999 xx 000 0 und d
082 _bCHO
100 _aChowdhury, A
245 0 _aMarxiap parvaiyil ravindirar
942 _cL
999 _c3690
_d3690